Quarterly statistical bulletin 1981 Western Samoa
Gespeichert in:
| Format: | Buch |
|---|---|
| Sprache: | Englisch |
| Veröffentlicht: |
Apia
Department of Statistics
1982
|
| Tags: |
Keine Tags, Fügen Sie das erste Tag hinzu!
|
MARC
| LEADER | 00000nam$a2200000 4500 | ||
|---|---|---|---|
| 001 | s123739 | ||
| 005 | 20251212124224.8 | ||
| 041 | 0 | |a eng | |
| 044 | |a WS | ||
| 245 | 1 | 0 | |a Quarterly statistical bulletin 1981 |b Western Samoa |
| 264 | 1 | |a Apia |b Department of Statistics |c 1982 | |
| 300 | |a 56 s. | ||